000 01286nam a2200325 i 4500
003 EG-GICUC
005 20260226144416.0
008 251220s1988 su d|||fr|||| 00| 0 ara d
040 _a EG-GICUC
_bara
_c EG-GICUC
_d EG-GICUC
_erda
041 0 _aara
082 0 4 _221
_a343.633
_bع ب . ج
092 0 4 _221
099 _aLaw1 10 343.633 ع ب . ج 1988
100 0 _aعبدالله عبد الغني غانم
_eمؤلف.
245 1 0 _aجرائم المسنين في العالم العربي :
_bدراسة احصائية التحليلية /
_cالدكتور عبدالله عبد الغني غانم.
264 1 _aالرياض :
_bدار النشر بالمركز العربي للدراسات الأمنية و التدريب،
_c1988.
300 _a259 صفحة ؛
_c24 سم.
336 _2rda content
_atext
337 _2rda media
_aComputer
338 _2rda carrier
_aOnline Resource
500 _aيشتمل على جداول
504 _a. 255 ببليوجرافيا: صفحات
546 _aالنص باللغة العربية
650 1 4 _aالسن والجريمة
_2qrmak
650 1 4 _aالقانون الجنائي
_2qrmak
651 1 _2qrmak
856 4 0 _uhttps://fll.law.cu.edu.eg/fulltext/bks/B10-07161.pdf
905 _a77
942 _2ddc
_cBK
_e21
_n0
999 _c52049
_d52049